| 000 | 00607nmm a2200193Ia 4500 | ||
|---|---|---|---|
| 008 | 251105s9999||||xx |||||||||||||||||und|| | ||
| 020 | _a9788490294239 | ||
| 041 | _aspa | ||
| 100 | _aPujal i Llombart, Margot | ||
| 245 | 0 | _aEl feminismo y La violencia de género | |
| 264 |
_a[Madrid, España] : _bUniversitat Oberta de Catalunya, _c2007 |
||
| 300 | _a166 páginas | ||
| 650 | _aGender and Women Studies | ||
| 700 | _aPujal i Llombart, Margot | ||
| 700 | 1 | _a Lloret Ayter, Imma | |
| 700 | 1 | _a Gil Rodríguez, Eva Patrícia | |
| 856 | _uhttps://public.digitaliapublishing.com/a/20078 | ||
| 942 | _cCF | ||
| 999 |
_c70224 _d70224 |
||